Elementary circuit properties of transistors (Record no. 23315)

000 -LEADER
fixed length control field 00727nam a22002531 4500
001 - CONTROL NUMBER
control field 23315
003 - CONTROL NUMBER IDENTIFIER
control field BD-DhUET
008 - FIXED-LENGTH DATA ELEMENTS--GENERAL INFORMATION
fixed length control field 730109s1964 nyua b 000 0 eng
040 ## - CATALOGING SOURCE
Original cataloging agency DLC
Transcribing agency DLC
Modifying agency BD-DhUET
082 ## - DEWEY DECIMAL CLASSIFICATION NUMBER
Classification number 623.8151
Item number SEA/19649
100 1# - MAIN ENTRY--PERSONAL NAME
Personal name Searle, Campbell L.
245 10 - TITLE STATEMENT
Title Elementary circuit properties of transistors
250 ## - EDITION STATEMENT
Edition statement 1st ed.
260 ## - PUBLICATION, DISTRIBUTION, ETC. (IMPRINT)
Place of publication, distribution, etc. New York
Name of publisher, distributor, etc. John Wiley & Sons
Date of publication, distribution, etc. 1964
300 ## - PHYSICAL DESCRIPTION
Extent xxi, 306 p.
Other physical details illus
Dimensions 22 cm.
490 ## - SERIES STATEMENT
Series statement Semiconductor electronics education committee books
500 ## - GENERAL NOTE
General note Volume - 3
504 ## - BIBLIOGRAPHY, ETC. NOTE
Bibliography, etc Includes bibliographies
650 #0 - SUBJECT ADDED ENTRY--TOPICAL TERM
Topical term or geographic name as entry element Circuits : Electronics : Engg.
700 ## - ADDED ENTRY--PERSONAL NAME
Personal name Boothroyd, A. R.
700 ## - ADDED ENTRY--PERSONAL NAME
Personal name Angelo, E. J.
700 ## - ADDED ENTRY--PERSONAL NAME
Personal name Gray, Paul E.
942 ## - ADDED ENTRY ELEMENTS (KOHA)
Koha item type General Book
Holdings
Date acquired Source of classification or shelving scheme Koha date last seen Koha normalized classification for sorting Lost status Price effective from Sublocation or collection (holding branch) Koha item type Piece designation (barcode) Shelving location Not for loan Damaged status Copy number Koha full call number Withdrawn status Location (home branch)
2015-05-03 2015-05-03623_815100000000000_SEA_1964 2015-05-03Central Library, BUETGeneral Book35735Circulation section  1623.8151/SEA/1964 Central Library, BUET
2015-05-03 2015-05-03623_815100000000000_SEA_1964 2015-05-03Central Library, BUETGeneral Book35749Circulation section  2623.8151/SEA/1964 Central Library, BUET
2015-05-04 2015-05-04623_815100000000000_SEA_1964 2015-05-04Central Library, BUETGeneral Book16238Circulation section  3623.8151/SEA/1964 Central Library, BUET
2015-05-04 2015-05-04623_815100000000000_SEA_1964 2015-05-04Central Library, BUETGeneral Book12507Circulation section  4623.8151/SEA/1964 Central Library, BUET
2015-05-04 2015-05-04623_815100000000000_SEA_1964 2015-05-04Central Library, BUETGeneral Book27851Circulation section  5623.8151/SEA/1964 Central Library, BUET
2015-05-04 2015-05-04623_815100000000000_SEA_1964 2015-05-04Central Library, BUETGeneral Book43533Circulation section  6623.8151/SEA/1964 Central Library, BUET
2015-05-04 2015-05-04623_815100000000000_SEA_1964 2015-05-04Central Library, BUETGeneral Book45010Circulation section  7623.8151/SEA/1964 Central Library, BUET
2015-05-04 2015-05-04623_815100000000000_SEA_1964 2015-05-04Central Library, BUETGeneral Book35742Circulation section  8623.8151/SEA/1964 Central Library, BUET
2015-05-04 2015-05-04623_815100000000000_SEA_1964 2015-05-04Central Library, BUETGeneral Book33540Circulation section  9623.8151/SEA/1964 Central Library, BUET